Giải bài tập và bài toán cơ sở vật lí T.3

Đã lưu trong:
书目详细资料
主要作者: Lương, Duyên Bình
其他作者: Nguyễn, Quang Hậu
格式: 图书
语言:Undetermined
出版: H. Giáo dục 2007
主题:
在线阅读:http://lrc.tdmu.edu.vn/opac/search/detail.asp?aID=2&ID=6284
标签: 添加标签
没有标签, 成为第一个标记此记录!
Thư viện lưu trữ: Trung tâm Học liệu Trường Đại học Thủ Dầu Một
LEADER 00679nam a2200217Ia 4500
001 TDMU_6284
008 210410s9999 xx 000 0 und d
082 |a 530.076 
090 |b L561 
100 |a Lương, Duyên Bình 
245 0 |a Giải bài tập và bài toán cơ sở vật lí 
245 0 |c Lương Duyên Bình 
245 0 |n T.3 
260 |a H. 
260 |b Giáo dục 
260 |c 2007 
300 |a 255tr 
650 |a Sách đại học; Vật lí 
700 |a Nguyễn, Quang Hậu 
856 |u http://lrc.tdmu.edu.vn/opac/search/detail.asp?aID=2&ID=6284 
980 |a Trung tâm Học liệu Trường Đại học Thủ Dầu Một